|
|
|
|
| LEADER |
00000nam0a2200000 4500 |
| 001 |
359292 |
| 005 |
20231102011157.0 |
| 035 |
|
|
|a (RuTPU)RU\TPU\retro\16564
|
| 035 |
|
|
|a RU\TPU\retro\16559
|
| 090 |
|
|
|a 359292
|
| 100 |
|
|
|a 20201009d1933 k y0rusy50 ca
|
| 101 |
0 |
|
|a rus
|
| 102 |
|
|
|a RU
|
| 105 |
|
|
|a a z 000zy
|
| 200 |
1 |
|
|a Гидрогеологические исследования в Магнитогорском районе
|f С. В. Альбов
|g СССР, Всесоюзное геологоразведочное объединение ; Центральный научно-исследовательский геологоразведочный институт (ЦНИГРИ), Сектор гидрогеологии и инженерной геологии
|
| 210 |
|
|
|a Москва
|a Ленинград
|a Новосибирск
|c Государственное научно-техническое горно-геолого-нефтяное издательство
|d 1933
|
| 215 |
|
|
|a 88 с.
|c ил.
|e 8 табл.
|
| 225 |
1 |
|
|a Труды Всесоюзного геолого-разведочного (геологоразведочного) объединения
|v Вып. 326
|
| 371 |
0 |
|
|a For_staff_use
|
| 606 |
1 |
|
|a Гидрогеология
|2 stltpush
|3 (RuTPU)RU\TPU\subj\38647
|9 59032
|
| 610 |
1 |
|
|a таблицы
|
| 610 |
1 |
|
|a орография
|
| 610 |
1 |
|
|a гидрография
|
| 610 |
1 |
|
|a климат
|
| 610 |
1 |
|
|a геология
|
| 610 |
1 |
|
|a разведочные работы
|
| 610 |
1 |
|
|a опытные работы
|
| 610 |
1 |
|
|a водоснабжение
|
| 610 |
1 |
|
|a наблюдения
|
| 675 |
|
|
|a 556.3
|v 4
|
| 700 |
|
1 |
|a Альбов
|b С. В.
|
| 712 |
0 |
1 |
|a СССР
|b Всесоюзное геологоразведочное объединение
|c (1931-1933)
|2 stltpush
|3 (RuTPU)RU\TPU\col\18435
|9 27031
|
| 712 |
0 |
2 |
|a Центральный научно-исследовательский геологоразведочный институт (ЦНИГРИ)
|b Сектор гидрогеологии и инженерной геологии
|c (Ленинград)
|c (1931-1939)
|2 stltpush
|3 (RuTPU)RU\TPU\col\18472
|
| 801 |
|
1 |
|a RU
|b 63413507
|c 20200826
|
| 801 |
|
2 |
|a RU
|b 63413507
|c 20201009
|g RCR
|
| 942 |
|
|
|c BK
|